Statistieken voor Hoofdsteden per Letter - B

Klik hier om de quiz te nemen!

Algemene statistieken

  • Deze quiz is 760 keer genomen
    (742 sinds de laatste reset)
  • De gemiddelde score is 13 van 25

Antwoordstatistieken

LandHoofdstad% Correct
BelgiëBrussel
93%
DuitslandBerlijn
82%
HongarijeBoedapest
74%
BraziliëBrasilia
73%
RoemeniëBoekarest
72%
ZwitserlandBern
69%
SlowakijeBratislava
69%
ServiëBelgrado
67%
ArgentiniëBuenos Aires
67%
ColombiaBogotá
65%
ThailandBangkok
56%
IrakBagdad
54%
BelizeBelmopan
45%
MaliBamako
43%
LibanonBeiroet
43%
AzerbeidzjanBakoe
42%
GambiaBanjul
40%
Centraal-Afrikaanse RepubliekBangui
39%
KirgiziëBisjkek
39%
Congo (Rep.)Brazzaville
38%
BarbadosBridgetown
38%
BruneiBandar Seri Begawan
37%
Zuid-AfrikaBloemfontein
35%
St. Kitts & NevisBasseterre
33%
Guinee-BissauBissau
32%

Scoreverdeling

Percentiel versus Aantal Correcte Antwoorden

Procent van Mensen met Elke Score

Uw Scoregeschiedenis

U heeft deze quiz nog niet genomen sinds de laatste reset